Normal view MARC view
  • Douglis, A.

Entry Personal Name

Number of records used in: 1

001 - CONTROL NUMBER

  • control field: 153668

003 - CONTROL NUMBER IDENTIFIER

  • control field: TR-AnTOB

005 - DATE AND TIME OF LATEST TRANSACTION

  • control field: 20260415085039.0

008 - FIXED-LENGTH DATA ELEMENTS

  • fixed length control field: 840119n| azannaabn |a aaa

010 ## - LIBRARY OF CONGRESS CONTROL NUMBER

  • LC control number: n 82246683

035 ## - SYSTEM CONTROL NUMBER

  • System control number: (OCoLC)oca01062766

040 ## - CATALOGING SOURCE

  • Original cataloging agency: DLC
  • Language of cataloging: eng
  • Description conventions: rda
  • Transcribing agency: DLC
  • Modifying agency: OU

046 ## - SPECIAL CODED DATES

  • Birth date: 1918
  • Death date: 1995
  • Source of date scheme: edtf

100 1# - HEADING--PERSONAL NAME

  • Personal name: Douglis, A.
  • Fuller form of name: (Avron),
  • Dates associated with a name: 1918-1995

370 ## - ASSOCIATED PLACE

  • Other associated place: College Park (Md.)
  • Source of term: naf

373 ## - ASSOCIATED GROUP

  • Associated group: University of Maryland at College Park
  • Source of term: naf

374 ## - OCCUPATION

  • Occupation: Mathematicians
  • Occupation: College teachers
  • Occupation: Authors
  • Source of term: lcsh

375 ## - GENDER

  • Gender: Males
  • Source of term: lcdgt

400 1# - SEE FROM TRACING--PERSONAL NAME

  • Control subfield: nnaa
  • Personal name: Douglis, Avron,
  • Dates associated with a name: 1918-

400 1# - SEE FROM TRACING--PERSONAL NAME

  • Personal name: Douglis, Avron,
  • Dates associated with a name: 1918-1995

670 ## - SOURCE DATA FOUND

  • Source citation: His A layering method for viscous, incompressible Lp flows occupying Rn, 1984:
  • Information found: CIP t.p. (A. Douglis; Univ. of Md.)

670 ## - SOURCE DATA FOUND

  • Source citation: LC data base, 1/16/84
  • Information found: (hdg: Douglis, Avron, 1918- )

670 ## - SOURCE DATA FOUND

  • Source citation: Centrum NUKAT Biblioteki Uniwersyteckiej w Warszawie via VIAF, Mar. 16, 2020
  • Information found: (identifier: 30900400, http://isni.org/isni/0000000110505959; preferred: Douglis, Avron (1918-1995).; variant: Douglis, A.; Duglis, A.)
  • Uniform Resource Identifier: http://www.viaf.org/processed/NUKAT%7Cn%20%2001031577

670 ## - SOURCE DATA FOUND

  • Source citation: Deutsche Nationalbibliothek via VIAF, Mar. 16, 2020
  • Information found: (identifier: http://d-nb.info/gnd/1073293416; GAC: XD-US; preferred: Douglis, Avron 1918-1995; gender: 1)
  • Uniform Resource Identifier: http://www.viaf.org/processed/DNB%7C1073293416
Devinim Yazılım Eğitim Danışmanlık tarafından Koha'nın orjinal sürümü uyarlanarak geliştirilip kurulmuştur.